[Event "SLO-chT2 West"]
[Site "Kranj"]
[Date "2008.10.11"]
[Round "2.6"]
[White "Bratkovic, Jakob"]
[Black "Hajna, Miha"]
[Result "1-0"]
[WhiteElo "1516"]
[BlackElo "1633"]
[PlyCount "134"]
[EventDate "2008.10.11"]
[EventType "team-swiss"]
[EventRounds "9"]
[EventCountry "SLO"]
[SourceTitle "EXT 2010"]
[Source "ChessBase"]
[SourceDate "2010.11.25"]
[SourceVersion "1"]
[SourceVersionDate "2010.11.25"]
[SourceQuality "1"]
[WhiteTeam "Komenda Pogi"]
[BlackTeam "Postojna"]
[WhiteTeamCountry "SLO"]
[BlackTeamCountry "SLO"]

1. e4 c5 2. Bc4 Nc6 3. d3 d6 4. h3 Nf6 5. Nc3 g6 6. f4 a6 7. a3 Bg7 8. Nf3 e6 9. Qe2 0-0 10. Bd2 Re8 11. 0-0-0 b5 12. Ba2 Bd7 13. e5 dxe5 14. fxe5 Nh5 15. Qf2 Bf8 16. g4 Ng7 17. h4 Nd4 18. Nxd4 cxd4 19. Ne2 Qc7 20. Qxd4 Red8 21. Qc3 Bc6 22. Rhf1 Rac8 23. Rf2 Bb7 24. Qxc7 Rxc7 25. Ba5 Rdc8 26. Bxc7 Rxc7 27. Rdf1 Bc5 28. Rf6 Ne8 29. R6f4 Be3+ 30. Kd1 Bxf4 31. Nxf4 Ng7 32. c3 Rd7 33. d4 a5 34. b4 axb4 35. axb4 Rc7 36. Kc2 Be4+ 37. Kb2 Bb7 38. Rc1 Ba6 39. Kb3 Rb7 40. Kb2 Rd7 41. Ra1 Bb7 42. Bb1 Rd8 43. Bd3 Bc6 44. Ra5 Rb8 45. Kb3 Ne8 46. c4 bxc4+ 47. Bxc4 Bf3 48. Be2 Bxe2 49. Nxe2 Nc7 50. Nc3 Kg7 51. g5 h6 52. Ka4 Rd8 53. Ne2 Nd5 54. b5 Rb8 55. Kb3 hxg5 56. hxg5 Rh8 57. Kc4 Rc8+ 58. Kb3 Rh8 59. Ra6 Nc7 60. Rb6 Nd5 61. Rb7 Rc8 62. Kb2 Kf8 63. Ka2 Kg7 64. Kb3 Kf8 65. b6 Kg7 66. Ka4 Rc4+ 67. Kb5 Rb4+ 1-0

[Event "SLO-ch U10"]
[Site "Postojna"]
[Date "2008.02.29"]
[Round "8"]
[White "Hajna, Miha"]
[Black "Cop, Jaka"]
[Result "1-0"]
[WhiteElo "1517"]
[BlackElo "1500"]
[PlyCount "53"]
[EventDate "2008.02.24"]
[EventType "swiss"]
[EventRounds "9"]
[EventCountry "SLO"]
[SourceTitle "EXT 2010"]
[Source "ChessBase"]
[SourceDate "2010.11.25"]
[SourceVersion "1"]
[SourceVersionDate "2010.11.25"]
[SourceQuality "1"]

1. e4 e5 2. Nf3 Nc6 3. d4 exd4 4. Bc4 Nf6 5. 0-0 Bc5 6. c3 dxc3 7. Nxc3 0-0 8. Bg5 Be7 9. Re1 d6 10. e5 Nxe5 11. Nxe5 dxe5 12. Qxd8 Rxd8 13. Rxe5 Nd7 14. Rxe7 Kf8 15. Rxf7+ Ke8 16. Re1+ Ne5 17. Bxd8 Kxd8 18. Rxe5 c6 19. Rf8+ Kd7 20. Ree8 b5 21. Be6+ Kc7 22. Rxc8+ Rxc8 23. Rxc8+ Kb6 24. Bd7 b4 25. Rxc6+ Ka5 26. Nd5 a6 27. Rc5# 1-0

[Event "SLO-ch U10"]
[Site "Postojna"]
[Date "2008.02.24"]
[Round "1"]
[White "Leonardi, Dejan"]
[Black "Hajna, Miha"]
[Result "1-0"]
[WhiteElo "1500"]
[BlackElo "1517"]
[PlyCount "65"]
[EventDate "2008.02.24"]
[EventType "swiss"]
[EventRounds "9"]
[EventCountry "SLO"]
[SourceTitle "EXT 2010"]
[Source "ChessBase"]
[SourceDate "2010.11.25"]
[SourceVersion "1"]
[SourceVersionDate "2010.11.25"]
[SourceQuality "1"]

1. e4 c5 2. Bc4 Nc6 3. Nf3 d6 4. c3 Nf6 5. d4 cxd4 6. cxd4 d5 7. exd5 Nxd5 8. Bxd5 Qxd5 9. 0-0 e6 10. Nc3 Qd8 11. Bg5 Be7 12. Bxe7 Qxe7 13. Ne4 0-0 14. Nfg5 h6 15. Qh5 f5 16. Qg6 hxg5 17. Nxg5 Qxg5 18. Qxg5 Nxd4 19. Qe3 Nc2 20. Qd2 Nxa1 21. Rxa1 b6 22. Rc1 Bb7 23. Qd7 Rac8 24. Rxc8 Rxc8 25. h3 Rc1+ 26. Kh2 Bd5 27. Qxa7 Ra1 28. a3 b5 29. b4 Ra2 30. Qb6 Kh7 31. Qxb5 Rxf2 32. Kg3 f4+ 33. Kxf2 1-0

[Event "SLO-ch U10"]
[Site "Murska Sobota"]
[Date "2007.02.28"]
[Round "6"]
[White "Mrakic, Jernej"]
[Black "Hajna, Miha"]
[Result "1/2-1/2"]
[WhiteElo "1500"]
[BlackElo "1500"]
[PlyCount "40"]
[EventDate "2007.02.25"]
[EventType "swiss"]
[EventRounds "9"]
[EventCountry "SLO"]
[SourceTitle "CBM 117 Extra"]
[Source "ChessBase"]
[SourceDate "2007.05.09"]
[SourceVersion "1"]
[SourceVersionDate "2007.05.09"]
[SourceQuality "1"]

1. e4 e5 2. Nf3 Nc6 3. Nc3 Nf6 4. Bb5 d6 5. d3 Be7 6. h3 0-0 7. 0-0 Be6 8. Be3 a6 9. Ba4 b5 10. Bb3 h6 11. Qe2 Qd7 12. Rfd1 Rfd8 13. d4 exd4 14. Bxd4 Qe8 15. Be3 Rd7 16. Rd2 Rad8 17. Rad1 Ne5 18. a4 Bxb3 19. cxb3 b4 20. Nd5 a5 1/2-1/2

[Event "SLO-ch U10"]
[Site "Murska Sobota"]
[Date "2007.02.27"]
[Round "4"]
[White "Hajna, Miha"]
[Black "Zagorsek, David"]
[Result "1-0"]
[WhiteElo "1500"]
[BlackElo "1500"]
[PlyCount "59"]
[EventDate "2007.02.25"]
[EventType "swiss"]
[EventRounds "9"]
[EventCountry "SLO"]
[SourceTitle "CBM 117 Extra"]
[Source "ChessBase"]
[SourceDate "2007.05.09"]
[SourceVersion "1"]
[SourceVersionDate "2007.05.09"]
[SourceQuality "1"]

1. e4 e5 2. Nf3 Nc6 3. d4 f6 4. dxe5 fxe5 5. Bc4 Nf6 6. Nc3 Bb4 7. Bd5 Bc5 8. 0-0 Nxd5 9. Qxd5 b6 10. Nxe5 Nxe5 11. Qxe5+ Kf8 12. Be3 d6 13. Bxc5 bxc5 14. Qf4+ Ke8 15. e5 d5 16. Rfe1 g5 17. Qf6 Qxf6 18. exf6+ Kf8 19. Nxd5 c6 20. Nc7 Rb8 21. Re8+ Kf7 22. Rxh8 Rxb2 23. Rxc8 Kxf6 24. h3 Rxc2 25. Re1 Kf7 26. Re6 Rxa2 27. Rd8 Ra1+ 28. Kh2 Ra2 29. Rd7+ Kf8 30. Re8# 1-0

[Event "SLO-ch U10"]
[Site "Murska Sobota"]
[Date "2007.02.25"]
[Round "1"]
[White "Hajna, Miha"]
[Black "Opara, Jan"]
[Result "0-1"]
[WhiteElo "1500"]
[BlackElo "1596"]
[PlyCount "76"]
[EventDate "2007.02.25"]
[EventType "swiss"]
[EventRounds "9"]
[EventCountry "SLO"]
[SourceTitle "CBM 117 Extra"]
[Source "ChessBase"]
[SourceDate "2007.05.09"]
[SourceVersion "1"]
[SourceVersionDate "2007.05.09"]
[SourceQuality "1"]

1. e4 e5 2. Nf3 Nc6 3. d4 exd4 4. Bc4 Qe7 5. Qe2 d6 6. h3 Nf6 7. Bd3 Bd7 8. c3 dxc3 9. bxc3 g6 10. Ba3 Bg7 11. Nbd2 0-0 12. 0-0 Nh5 13. Bb2 Bh6 14. c4 Nf4 15. Qd1 Nxd3 16. Bc3 Nde5 17. Re1 Rfe8 18. Qe2 Nxf3+ 19. Nxf3 Ne5 20. Red1 Bg7 21. Bd2 Nxf3+ 22. Qxf3 Qxe4 23. Qxe4 Rxe4 24. Rab1 b6 25. f3 Re2 26. Kf1 Rae8 27. a4 Bxa4 28. f4 Bxd1 29. Rxd1 R2e4 30. Re1 Rxe1+ 31. Bxe1 Rxe1+ 32. Kxe1 a5 33. g4 a4 34. f5 a3 35. fxg6 fxg6 36. c5 bxc5 37. g5 a2 38. h4 a1Q+ 0-1